Préfectures de France : Besançon - Statistiques

Statistiques générales
  • Ce quiz a été pris 71 fois
  • Le résultat moyen est 13 sur 25
Statistiques - réponses
Question Réponse % Correct
Quel numéro porte celui-ci ? 25
98%
De quel département est-ce la préfecture ? Doubs
98%
A quelle région administrative appartient la ville depuis 2015 ? Bourgogne-Franche-Comté
92%
La ville appartient à l'académie de Besançon
91%
La ville appartient au diocèse de/d' Besançon
91%
Comment se nomment ses habitants ? Bisontins | Bisontines
89%
La ville est à environ 90 km de Dijon | Lausanne | Belfort
89%
La ville est équidistante entre Lyon et Strasbourg
80%
Quelles sont les sous-préfectures qui en dépendent ? Montbéliard
78%
La ville est surmontée par une citadelle construite par Vauban
78%
Quelles sont les sous-préfectures qui en dépendent ? Pontarlier
75%
L'aéroport le plus proche est Dole
69%
La couleur de fond de son blason est le/l' Or | Jaune
61%
César appelle la ville Vesontio
56%
L'animal sur son blason est un/une Aigle
47%
Les communes limitrophes dont le nom commence par M sont Morre
33%
La cathédrale est dédiée à St Jean
33%
Les communes limitrophes dont le nom commence par M sont Montfaucon
30%
Ville européenne jumelée avec la ville (8 possibilités) Huddersfield | Fribourg-en-Brisgau | Neuchâtel | Pavie | Kuopio | Tver | Bistrita | Bielsko-Biala
8%
Ville asiatique américaine avec la ville (1 possibilité) Charlottesville
3%
Du IXe au XIe siècle la ville est surnommée Chrysopolis
3%
Les communes limitrophes dont le nom commence par M sont Mérey-Vieilley
3%
Ville africaine jumelée avec la ville (2 possibilités) Douroula | Man
0%
Ville asiatique jumelée avec la ville (3 possibilités) Hadera | Matsumae | Aqabat Jabr
0%
Quelle république est rattachée à son département en 1793 Mandeure
0%
Aucun quiz correspondant
Distribution des résultats
% des personnes avec chaque résultat
Percentile par nombre de réponses
Votre historique - résultats
Vous n’avez pas pris ce quiz